000 00631nam a2200157 i 4500
001 160570
003 ES-MaACL
005 20230906212056.0
008 990309s1884 ag |||| | spa d
100 1 _aNavarro Viola, Alberto.
_9130406
245 1 0 _aJuicio crítico del Diccionario filológico-comparado de la lengua castellana /
_cpor el Dr. Alberto Navarro Viola.
260 _aBuenos Aires :
_b[s.n.],
_c1884 (
_fImp. de Martín Biedma)
300 _a37 p. ;
_c17 cm.
650 0 4 _aLengua española-
_xLexicografía.
_914170
852 _aES-MaACL
_jT-401-F-11
_z- Enc. hol.
_q- Falto de cub. original
_z- Enc. en un vol. facticio
999 _c160570
_d160570